Combustion Engines Development Mixture Formation, Combustion, Emissions and Simulation /

In the development of engines and vehicles it is nowadays standard practice to use commercially available computing programmes for simulation, not only of the transient reaction of vehicles or of the complete driveshaft, but also of the highly unsteady processes in the combustion chamber of an engin...

Full description

Bibliographic Details
Corporate Author: SpringerLink (Online service)
Other Authors: Merker, Günter P. (Editor), Schwarz, Christian (Editor), Teichmann, Rüdiger (Editor)
Format: Electronic eBook
Language:English
Published: Berlin, Heidelberg : Springer Berlin Heidelberg : Imprint: Springer, 2012.
Subjects:
Online Access:Full Text via HEAL-Link
LEADER 03499nam a22005895i 4500
001 978-3-642-14094-5
003 DE-He213
005 20151125193739.0
007 cr nn 008mamaa
008 110923s2012 gw | s |||| 0|eng d
020 |a 9783642140945  |9 978-3-642-14094-5 
024 7 |a 10.1007/978-3-642-14094-5  |2 doi 
040 |d GrThAP 
050 4 |a TL1-483 
072 7 |a TRC  |2 bicssc 
072 7 |a TRCS  |2 bicssc 
072 7 |a TEC009090  |2 bisacsh 
082 0 4 |a 629.2  |2 23 
245 1 0 |a Combustion Engines Development  |h [electronic resource] :  |b Mixture Formation, Combustion, Emissions and Simulation /  |c edited by Günter P. Merker, Christian Schwarz, Rüdiger Teichmann. 
246 3 |a With contributions by numerous specialists 
264 1 |a Berlin, Heidelberg :  |b Springer Berlin Heidelberg :  |b Imprint: Springer,  |c 2012. 
300 |a XXV, 642 p.  |b online resource. 
336 |a text  |b txt  |2 rdacontent 
337 |a computer  |b c  |2 rdamedia 
338 |a online resource  |b cr  |2 rdacarrier 
347 |a text file  |b PDF  |2 rda 
505 0 |a Part A: Foundations of thermodynamics and chemistry -- Introduction -- Reciprocating Engines -- Combustion Diagnostics -- Engine Combustion -- Reactionkinetics -- Pollutant Formation -- Part B: Simulation of the overall process -- Calculation of the real working Process -- Charging of combustion engines -- Exhaust-Aftertreatment systems -- Part C: Simulation of combustion and charging -- Total process analysis -- Phenomenological combustion models -- Three-dimensional flow fields -- Simulation of injection processes -- Simulation of combustion -- 3D-Supercharging Simulation -- Appendix. 
520 |a In the development of engines and vehicles it is nowadays standard practice to use commercially available computing programmes for simulation, not only of the transient reaction of vehicles or of the complete driveshaft, but also of the highly unsteady processes in the combustion chamber of an engine. Normally the source code is not available for these computing programmes and it takes too much time to study the respective specifications, so the users often do not have sufficient knowledge about the physical and chemical contents of the approaches that the programmes are based on. We have often been faced with this fact in talks to employees or in discussions during the presentation of results of simulation. Therefore it is our aim to point out different physical and chemical approaches and to show the possibilities and limits of the models used. 
650 0 |a Engineering. 
650 0 |a Continuum physics. 
650 0 |a Electric power production. 
650 0 |a Thermodynamics. 
650 0 |a Heat engineering. 
650 0 |a Heat transfer. 
650 0 |a Mass transfer. 
650 0 |a Automotive engineering. 
650 0 |a Industrial engineering. 
650 1 4 |a Engineering. 
650 2 4 |a Automotive Engineering. 
650 2 4 |a Engineering Thermodynamics, Heat and Mass Transfer. 
650 2 4 |a Operating Procedures, Materials Treatment. 
650 2 4 |a Energy Technology. 
650 2 4 |a Classical Continuum Physics. 
700 1 |a Merker, Günter P.  |e editor. 
700 1 |a Schwarz, Christian.  |e editor. 
700 1 |a Teichmann, Rüdiger.  |e editor. 
710 2 |a SpringerLink (Online service) 
773 0 |t Springer eBooks 
776 0 8 |i Printed edition:  |z 9783642029516 
856 4 0 |u http://dx.doi.org/10.1007/978-3-642-14094-5  |z Full Text via HEAL-Link 
912 |a ZDB-2-ENG 
950 |a Engineering (Springer-11647)